000 01609nam a2200385Ia 4500
001 vtls003166766
003 MY-SjTCS
005 20200226112558.0
006 m u
007 cr cn|||||||||
008 100712s1997 quc sb 001 0 eng d
010 _z 96-900867
015 _aC96-900867-8
020 _z0773510222 :
035 _a(CaPaEBR)ebr10141473
039 9 _y201007121400
_zVLOAD
040 _aCaPaEBR
_cCaPaEBR
050 1 4 _aBR1610
_b.V47 1997eb
100 1 _aVernon, Richard,
_d1945-
245 1 4 _aThe career of toleration
_h[electronic resource] :
_bJohn Locke, Jonas Proast, and after /
_cRichard Vernon.
260 _aMontréal :
_bMcGill-Queen's University Press,
_cc1997.
300 _a164 p.
490 1 _aMcGill-Queen's studies in the history of ideas ;
_v21
504 _aIncludes bibliographical references (p. [155]-161) and index.
529 _aTSLHHL
533 _aElectronic reproduction.
_bPalo Alto, Calif. :
_cebrary,
_d2009.
_nAvailable via World Wide Web.
_nAccess may be limited to ebrary affiliated libraries.
600 1 0 _aLocke, John,
_d1632-1704
_xViews on toleration.
600 1 0 _aProast, Jonas
_xViews on toleration.
600 1 0 _aLocke, John,
_d1632-1704.
_tEpistola de tolerantia.
650 0 _aToleration.
_916291
655 7 _aElectronic books.
_2local
710 2 _aebrary, Inc.
_925628
830 0 _aMcGill-Queen's studies in the history of ideas ;
_v21.
856 4 0 _uhttps://ezproxy.taylors.edu.my/login?url=http://site.ebrary.com/lib/taylorscollege/Doc?id=10141473
_zAn electronic book accessible through the World Wide Web; click to view
999 _c96432